[Event "BCF-chT4 0304 (4NCL)"]
[Site "West Bromwich "]
[Date "2004.01.25"]
[Round "4.5"]
[White "Eichner, Daniel"]
[Black "Parmar, Amisha"]
[Result "1/2-1/2"]
[WhiteElo "1544"]
[BlackElo "1384"]
[PlyCount "127"]
[EventDate "2003.10.??"]
[EventType "team"]
[EventRounds "11"]
[EventCountry "ENG"]
[SourceTitle "EXT 2005"]
[Source "ChessBase"]
[SourceDate "2004.11.15"]
[SourceVersion "1"]
[SourceVersionDate "2004.11.15"]
[SourceQuality "1"]
[WhiteTeam "Sussex Mindsports"]
[BlackTeam "Hilsmark Kingfisher III"]
[WhiteTeamCountry "ENG"]
[BlackTeamCountry "ENG"]

1. e4 c5 2. Nf3 d6 3. d4 cxd4 4. Nxd4 Nf6 5. Nc3 g6 6. f4 Nbd7 7. Bb5 a6 8. Bxd7+ Nxd7 9. Qe2 Bg7 10. Nf3 0-0 11. 0-0 b5 12. e5 dxe5 13. Nxe5 Nxe5 14. fxe5 Qd4+ 15. Kh1 Qxe5 16. Qxe5 Bxe5 17. Nd5 e6 18. Re1 Bg7 19. Ne7+ Kh8 20. Nxc8 Raxc8 21. c3 Rfd8 22. Bg5 Rd5 23. Be7 Rd2 24. Rab1 Rc7 25. Red1 Rxd1+ 26. Rxd1 Rxe7 27. Rd8+ Bf8 28. Rxf8+ Kg7 29. Rd8 e5 30. Kg1 Re6 31. Kf2 Kf6 32. Rd7 Rc6 33. Ke3 Ke6 34. Rd2 Rd6 35. Rc2 Rd1 36. c4 Re1+ 37. Kf2 Re4 38. cxb5 axb5 39. Rc5 Rb4 40. b3 Rd4 41. Rxb5 Rd2+ 42. Kf3 Rxa2 43. b4 Ra7 44. Rb6+ Kd5 45. b5 f5 46. Rb8 Ra3+ 47. Ke2 Rb3 48. b6 Kc6 49. Rc8+ Kb7 50. Rc7+ Kxb6 51. Rxh7 Kc5 52. Rh6 Rb2+ 53. Kf1 Rb6 54. h4 e4 55. h5 gxh5 56. Rxh5 Rf6 57. g4 Kd4 58. gxf5 Ke5 59. Ke2 Kd4 60. Rg5 Ke5 61. Ke3 Rxf5 62. Rg3 Rh5 63. Rg8 Rh3+ 64. Ke2 1/2-1/2